000 00574nam a2200205Ia 4500
005 20250923144842.0
008 008 250917s9999 xx 000 0 eng d
037 _aTextual
040 _aDSWL
_beng
_cDSWL
041 _aeng
_2eng
084 _aY131:7:7.2.N2, N6
_qDSWL
100 _aSingh, Mukhtar
_9829065
245 0 _aRural reconstruction
_cby Mukhtar Singh
260 _aAllahabad
_bKitabistan
_c1946
300 _a76p.
365 _aINR
_b2.50
925 _g2.50
942 _cTEXL
_hY131:7:7.2.N2, N6
999 _c1444155
_d1444155